000 00354nam a2200157 4500
005 20260210120659.0
008 cuc123
020 _a9780761948759
050 _aHF 5548.32 TAS
_b1
100 _aTASSABEHYJI, RANA
245 _aAppliying E -commerce in business
260 _aLondon
_bSAGE
_c2003c
300 _a325p
500 _apix
942 _2lcc
_cBK
_n0
999 _c8672
_d8672